书目信息 |
| 题名: |
市场营销思维的30个技巧
|
|
| 作者: | 野口吉昭 著 ;谭冰 译 | |
| 分册: | ||
| 出版信息: | 上海 上海交通大学出版社 2015.12 |
|
| 页数: | 148页 | |
| 开本: | 21cm | |
| 丛书名: | 商务思维工具箱 | |
| 单 册: | ||
| 中图分类: | F713.50 | |
| 科图分类: | ||
| 主题词: | 市场营销学--shi chang ying xiao xue--通俗读物 | |
| 电子资源: | ||
| ISBN: | 978-7-313-14133-0 | |
| 000 | 01128nam 2200313 450 | |
| 001 | 0100195287 | |
| 005 | 20201117111907.12 | |
| 010 | @a978-7-313-14133-0@dCNY29.00 | |
| 100 | @a20160128d2015 em y0chiy50 ea | |
| 101 | 1 | @achi |
| 102 | @aCN@b310000 | |
| 105 | @aak z 000yy | |
| 106 | @ar | |
| 200 | 1 | @a市场营销思维的30个技巧@Ashi chang ying xiao si wei de 30 ge ji qiao@f野口吉昭著@Fye kou ji zhao zhu@g谭冰译@Gtan bing yi |
| 210 | @a上海@c上海交通大学出版社@d2015.12 | |
| 215 | @a148页@c图@d21cm | |
| 225 | 2 | @a商务思维工具箱@Ashang wu si wei gong ju xiang |
| 312 | @a英文题名取自封面 | |
| 330 | @a本书主要内容包括“市场营销”的概念及其变迁, “市场营销”的三个技术: 了解客户的技术、创造价值的技术、搭建舞台的技术, 全书总结了30条关键实用的经验。 | |
| 410 | 0 | @12001 @a商务思维工具箱 |
| 510 | 1 | @aMarketing@zeng |
| 540 | @a市场营销思维的30个技巧 | |
| 606 | 0 | @a市场营销学@Ashi chang ying xiao xue@j通俗读物 |
| 690 | @aF713.50@v5 | |
| 701 | 0 | @a野口吉昭@Aye kou ji zhao@4著 |
| 702 | 0 | @a谭冰@Atan bing@4译 |
| 801 | @aCN | |
| 901 | @a18 | |
| 905 | @eY412@dF713.50@a河南城建学院图书馆@b1275259-61@f3 | |
| 市场营销思维的30个技巧/野口吉昭著/谭冰译.-上海:上海交通大学出版社,2015.12 |
| 148页:图;21cm.-(商务思维工具箱) |
| ISBN 978-7-313-14133-0:CNY29.00 |
| 本书主要内容包括“市场营销”的概念及其变迁, “市场营销”的三个技术: 了解客户的技术、创造价值的技术、搭建舞台的技术, 全书总结了30条关键实用的经验。 |
| ● |
| 相关链接 |
|
|
|
正题名:市场营销思维的30个技巧
索取号:F713.50/Y412
 
预约/预借
| 序号 | 登录号 | 条形码 | 馆藏地/架位号 | 状态 | 备注 |
| 1 | 1275259 | 212752599 | 社科库409/409社科库 43排7列4层/ [索取号:F713.50/Y412] | 在馆 | |
| 2 | 1275260 | 212752605 | 社科库409/409社科库 43排7列4层/ [索取号:F713.50/Y412] | 在馆 | |
| 3 | 1275261 | 212752612 | 社科库409/409社科库 43排7列4层/ [索取号:F713.50/Y412] | 在馆 |